00508nam a22001577a 450000500170000001000150001702000180003203500140005003700130006408200130007710000270009024500750011726000370019227000770022930000440030620220727161716.0 aENG-134047 a9788126041329 aEN-117579 bDBAD/PUB a891.2109 aSankarnarayan, Kapakam aDHARMASURI & HIS WORK:bA Critical Exposition/cKapakam Sankarnarayan  aNew DelhibSahitya Akademic2013 aSahitya Akademi, Rabindra Bhavan, 35,Ferozeshah Road,bNew Delhie110002 a408p.:c21m(Pbk)bBiblography & Journal